| 000 | 00414cam a22001217a 4500 | ||
|---|---|---|---|
| 008 | 180718b1958 xxu||||| |||| 00| 0 eng d | ||
| 082 | _aDx492 C152 | ||
| 100 | _aCampen, S. I. P. Van | ||
| 245 |
_aQuest for security: some aspects of Netherlands foreign policy, 1945-1950 _cby S. I. P. Van Campen |
||
| 260 |
_aHague _bMartinus Nijhoff _c1958 |
||
| 300 | _axv, 308p | ||
| 650 | _aNetherlands --Foreign relations --1830- | ||
| 999 |
_c424091 _d424091 |
||